LEADER 01255nam a2200301 a 4500 001 000000130604 003 CaOOAMICUS 005 20121002150135.0 008 121002s2012 it u000 u ita r 020 $a978-88-10-40275-7 040 $aPUL$bita 082 04$a226.5 100 1 $aSegalla, Giuseppe,$csac.,$d1932-2011.$0(OLS)http://pul/name/58522 245 13$aIl quarto Vangelo come storia /$cGiuseppe Segalla. 260 $aBologna :$bEdizioni Dehoniane,$cİ2012. 300 $a84 p. ;$c22 cm. 490 1 $aLa Bibbia nella storia ;$v23 500 $aComprende riferimenti bibliografici in nota. 630 04$aBiblia.$pN.T.$pIohannes$xCritica e interpretazione.$0(OLS)http://pul/subject/37920 830 3$aLa Bibbia nella storia ;$v23.$0(OLS)http://pul/title/21457 850 $aPUL 852 $aPUL$W1$xSL Religione 3$y85$m226. 5 SEGGI 1$j151046$qDDC 21$B149738$CPULBib$Z2$F149738 $H120831 $82 941 1 $a9 996 $6020$a978-88-10-40275-7$9(OLS)http://pul/number/150677 996 $6082$a226.5$9(OLS)http://pul/classification/641 996 $6245$aIl quarto Vangelo come storia$9(OLS)http://pul/title/165062 996 $6260$aBologna :$bEdizioni Dehoniane$9(OLS)http://pul/publisher/48070 LEADER 01529nam a2200313 a 4500 001 000000138074 003 CaOOAMICUS 005 20140409101857.0 008 140409s2013 it u000 u ita r 020 $a978-88-13-29997-2 040 $aPUL$bita 082 04$a346.45015 100 1 $aCeccherini, Eleonora.$0(OLS)http://pul/name/39129 245 10$aFamiglie in crisi e autonomia privata :$bi contratti dei coniugi e dei conviventi tra principi normativi e regole della giurisprudenza /$cGrazia Ceccherini, Lorenzo Gremigni Francini. 260 $aPadova :$bCEDAM,$cİ2013. 300 $aXXVI, 561 p. ;$c24 cm 504 $aInclude indici e riferimenti bibliografici. 650 4$aDiritto di famiglia$zItalia.$0(OLS)http://pul/subject/38585 650 4$aFamiglie di fatto (diritto).$0(OLS)http://pul/subject/39785 700 1 $aGremigni Francini, Lorenzo.$0(OLS)http://pul/name/89065 850 $aPUL 852 $aPUL$W1$xSL Diritto e Scienze Sociali 3$y79$m346. 45015 CECGR 1$j159152$qDDC 21$B158699$CPULBib$Z2$F158699 $H123816 $82 941 1 $a9 960 $aFamiglia di fatto$939785 996 $6020$a978-88-13-29997-2$9(OLS)http://pul/number/155049 996 $6082$a346.45015$9(OLS)http://pul/classification/1901 996 $6245$aFamiglie in crisi e autonomia privata :$bi contratti dei coniugi e dei conviventi tra principi normativi e regole della giurisprudenza$9(OLS)http://pul/title/174825 996 $6260$aPadova :$bCEDAM$9(OLS)http://pul/publisher/48126